Destination Unknown : (Record no. 187183)
[ view plain ]
| 000 -LEADER | |
|---|---|
| fixed length control field | 00827 a2200169 4500 |
| 003 - CONTROL NUMBER IDENTIFIER | |
| control field | NUST |
| 005 - DATE AND TIME OF LATEST TRANSACTION | |
| control field | 20230130144033.0 |
| 040 ## - CATALOGING SOURCE | |
| Transcribing agency | Nust |
| 082 ## - DEWEY DECIMAL CLASSIFICATION NUMBER | |
| Classification number | 920,WAL |
| 100 ## - MAIN ENTRY--PERSONAL NAME | |
| Personal name | Walker, Fred |
| 9 (RLIN) | 108109 |
| 245 ## - TITLE STATEMENT | |
| Title | Destination Unknown : |
| Remainder of title | THe Autobiographyy of a Wandering Boy / |
| Statement of responsibility, etc. | Walker, Fred |
| 260 ## - PUBLICATION, DISTRIBUTION, ETC. | |
| Place of publication, distribution, etc. | London |
| Name of publisher, distributor, etc. | George Harrap & Co |
| Date of publication, distribution, etc. | 1935 |
| 300 ## - PHYSICAL DESCRIPTION | |
| Extent | 283:p. |
| 505 ## - FORMATTED CONTENTS NOTE | |
| Formatted contents note | Adventure (Page-7), The Wild West (Page-23), Cowboys (Page-40), Arrested (Page-53), Frozen to Death (Page-69), The Earth Shakes (Page-83), In The Arctic (Page-96), I Kill A Man (Page-116), Pancho Villa (Page-127), The Argentine (Page-140), Nitrate (Page-175), Insulting the Bigwigs (Page-189), A Crazy Gangster (Page-222), Indians (Page-237), Headhunters (Page-268), Home Again (Page-279), |
| 650 ## - SUBJECT ADDED ENTRY--TOPICAL TERM | |
| Topical term or geographic name entry element | Autobiography |
| 9 (RLIN) | 107439 |
| 942 ## - ADDED ENTRY ELEMENTS (KOHA) | |
| Source of classification or shelving scheme | |
| Koha item type | Book |
| Call number prefix | 920,WAL |
| Withdrawn status | Lost status | Source of classification or shelving scheme | Damaged status | Not for loan | Permanent Location | Current Location | Shelving location | Date acquired | Full call number | Barcode | Date last seen | Price effective from | Koha item type | Public note |
|---|---|---|---|---|---|---|---|---|---|---|---|---|---|---|
| Military College of Signals (MCS) | Military College of Signals (MCS) | General Stacks | 12/12/2016 | 920,WAL | MCS29017 | 12/08/2016 | 12/12/2016 | Book | Almirah No.59, Shelf No.4 |
